Т. 23 : Статьи (1895-1906); Собрание сочинений

Бібліографічні деталі
Parent link:Собрание сочинений: в 30 т./ М. Горький; Академия наук СССР, Институт мировой литературы им. А. М. Горького. Т. 23 : Статьи (1895-1906).— , 1949-
Мова:Російська
Опубліковано: 1953
Предмети:
Формат: Книга
KOHA link:https://koha.lib.tpu.ru/cgi-bin/koha/opac-detail.pl?biblionumber=376922

MARC

LEADER 00000nam2a2200000 4500
001 376922
005 20231102012849.0
035 |a (RuTPU)RU\TPU\retro\34366 
035 |a RU\TPU\retro\34363 
090 |a 376922 
100 |a 20230126d1953 m y0rusy50 ca 
101 0 |a rus 
102 |a RU 
105 |a a z 001ab 
200 0 |a Т. 23 : Статьи (1895-1906) 
210 |d 1953 
215 |a 464 с.  |c портр. 
316 |5 63413507: 972005  |a На титульном листе владельческая подпись: "Бутаков" 
317 |5 63413507: 972005  |a Поступил в НТБ в 1970 г. в составе книжного собрания профессора ТПИ И. Н. Бутакова 
320 |a Примечания: с. 411-458 
461 1 |0 (RuTPU)RU\TPU\retro\34292  |t Собрание сочинений  |o в 30 т.  |f М. Горький  |g Академия наук СССР, Институт мировой литературы им. А. М. Горького  |v Т. 23 : Статьи (1895-1906)  |d 1949-  
600 1 |a Горький  |b М.  |c настоящая фамилия Пешков  |c русский писатель  |c публицист  |f 1868-1936  |g Максим  |2 stltpush  |3 (RuTPU)RU\TPU\pers\1037  |9 460 
606 1 |a Русская литература современная  |2 stltpush  |3 (RuTPU)RU\TPU\subj\26373  |9 50316 
610 1 |a художественная литература 
610 1 |a статьи 
610 1 |a собрание сочинений 
610 1 |a Библиотека И. Н. Бутакова 
675 |a Р2  |v 3 
801 1 |a RU  |b 63413507  |c 20230119 
801 2 |a RU  |b 63413507  |c 20230202  |g RCR 
942 |c BK